000 00584nam a2200181Ia 4500
008 100920s9999 xx 000 0 und d
082 _b75850
_a--- थ 99
100 _aमाडखोलकर गजानन त्र्यंबक.
245 _aनवे संसार.
260 _bअक्षय प्रकाशन, पुणे.
_c1999
300 _a272
_bसाधी
365 _b220
520 _aकादंबरी.
630 _aनवे संसार.
650 _aकादंबरी.
730 _aनवे संसार.
942 _cBOOK
999 _c717317
_d717314